Les entraineurs passés sur le banc du Standard de Liège au 21e siècle - Statistiques

Statistiques générales
  • Ce quiz a été pris 28 fois
  • Le résultat moyen est 17 sur 27
Statistiques - réponses
Nombre de matchs Entraineurs % Correct
88 Preud'homme
100%
83 Preud'homme
100%
57 Preud'homme
100%
42 Sà Pinto
96%
31 Rednic
92%
62 Leko
88%
36 Leye
88%
81 Bölöni
83%
40 Deila
79%
22 Hoefkens
75%
15 Riga
75%
59 Riga
75%
63 D'Onofrio
71%
148 D'Onofrio
71%
41 Ferrera
71%
72 Luzon
71%
28 Montanier
71%
27 Elsner
67%
7 Jeunechamps
58%
12 Jans
54%
35 Jankovic
46%
18 Vukomanovic
33%
9 Muslin
29%
5 Waseige
21%
6 Boskamp
13%
30 Ivic
13%
19 Thissen
8%
Aucun quiz correspondant
Distribution des résultats
% des personnes avec chaque résultat
Percentile par nombre de réponses
Votre historique - résultats
Vous n’avez pas pris ce quiz